| 000 | 00800nam a22002537a 4500 | ||
|---|---|---|---|
| 001 | 113334 | ||
| 003 | DR-UNIBE | ||
| 005 | 20250314155259.0 | ||
| 008 | 250314b2024 sp ||||| |||| 00| 0 spa d | ||
| 020 | _a9788448040796 | ||
| 040 |
_aBIBLIOTECA UNIBE _cBIBLIOTECA UNIBE _erda |
||
| 041 | _aspa | ||
| 082 | _a658.3225 K29f | ||
| 100 | 1 |
_aKellerman, Gabriella Rosen _eautor _9193096 |
|
| 245 |
_aFelicidad laboral ya : _bcómo prosperar en el trabajo con resiliencia, creatividad y conexión / _cGabriella Rosen Kellerman, Martin Seligman |
||
| 260 |
_aBarcelona : _bCúpula, _c 2024 |
||
| 300 | _a341 páginas | ||
| 650 | _aAutoayuda | ||
| 650 | _aFelicidad | ||
| 650 |
_aPsicología _9193097 |
||
| 650 | _aTrabajo | ||
| 700 |
_a Seligman, Martin _eautor _9193098 |
||
| 942 |
_2ddc _cBK |
||
| 999 |
_c113334 _d113334 |
||